<?xml version="1.0" encoding="UTF-8"?>
<record
    xmlns:xsi="http://www.w3.org/2001/XMLSchema-instance"
    xsi:schemaLocation="http://www.loc.gov/MARC21/slim http://www.loc.gov/standards/marcxml/schema/MARC21slim.xsd"
    xmlns="http://www.loc.gov/MARC21/slim">

  <leader>04304nam a2200385 a 4500</leader>
  <controlfield tag="001">dia_867</controlfield>
  <controlfield tag="003">CHAP</controlfield>
  <controlfield tag="005">20251209123553.0</controlfield>
  <controlfield tag="007">ta</controlfield>
  <controlfield tag="008">220117s1980    mx aeo frm    001 0 spa d</controlfield>
  <datafield tag="010" ind1=" " ind2=" ">
    <subfield code="a">171416</subfield>
  </datafield>
  <datafield tag="040" ind1=" " ind2=" ">
    <subfield code="c">CHAP</subfield>
    <subfield code="a">mxchpua</subfield>
    <subfield code="e">rda</subfield>
  </datafield>
  <datafield tag="041" ind1="0" ind2=" ">
    <subfield code="a">spa</subfield>
    <subfield code="b">spa</subfield>
  </datafield>
  <datafield tag="090" ind1=" " ind2=" ">
    <subfield code="a">Tesis</subfield>
    <subfield code="b">V39</subfield>
    <subfield code="c">1980</subfield>
  </datafield>
  <datafield tag="100" ind1="1" ind2=" ">
    <subfield code="a">V&#xE1;zquez Arista, Manuel</subfield>
  </datafield>
  <datafield tag="245" ind1="1" ind2="0">
    <subfield code="a">Algunos aspectos de almacenamiento, certificaci&#xF3;n y conservaci&#xF3;n de granos y semillas en Almacenes Nacionales de Dep&#xF3;sito S. A. /</subfield>
    <subfield code="c">Manuel V&#xE1;zquez Arista</subfield>
  </datafield>
  <datafield tag="264" ind1=" " ind2=" ">
    <subfield code="a">M&#xE9;xico :</subfield>
    <subfield code="b">IPN,</subfield>
    <subfield code="c">1980</subfield>
  </datafield>
  <datafield tag="300" ind1=" " ind2=" ">
    <subfield code="a">vi, 284 hojas :</subfield>
    <subfield code="b">ilustraciones, diagramas, tablas, fotos, planos</subfield>
  </datafield>
  <datafield tag="336" ind1=" " ind2=" ">
    <subfield code="2">rdacontent</subfield>
    <subfield code="a">texto</subfield>
    <subfield code="b">txt</subfield>
  </datafield>
  <datafield tag="337" ind1=" " ind2=" ">
    <subfield code="2">rdamedia</subfield>
    <subfield code="a">no mediado</subfield>
    <subfield code="b">n</subfield>
  </datafield>
  <datafield tag="338" ind1=" " ind2=" ">
    <subfield code="2">rdacarrier</subfield>
    <subfield code="a">volumen</subfield>
    <subfield code="b">nc</subfield>
  </datafield>
  <datafield tag="502" ind1=" " ind2=" ">
    <subfield code="a">Tesis </subfield>
    <subfield code="b">(Ingeniero Bioqu&#xED;mico) --</subfield>
    <subfield code="c">IPN. Escuela Nacional de Ciencias Biol&#xF3;gicas, </subfield>
    <subfield code="d">1980</subfield>
  </datafield>
  <datafield tag="504" ind1=" " ind2=" ">
    <subfield code="a">Bibliograf&#xED;a: hojas 281-284</subfield>
  </datafield>
  <datafield tag="520" ind1="3" ind2=" ">
    <subfield code="a">Uno de los graves problemas en Latinoam&#xE9;rica m&#xE1;s acentuado en unos pa&#xED;ses que en otros, es el de proporcionar al pueblo una dieta adecuada, equilibrada y aceptable, por lo que es de capital importancia la distribuci&#xF3;n y el almacenamiento de productos alimenticios b&#xE1;sicos. Durante el manejo y almacenamiento se pueden tener mermas muy apreciables dando por resultado no solamente la falta de estos productos, sino tambi&#xE9;n un retroceso en el desarrollo econ&#xF3;mico de un pa&#xED;s y un retraso en el mejoramiento de la salud. Dichas p&#xE9;rdidas son el resultado de muchos factores como son: 1) La falta de conocimiento de la naturaleza de los productos b&#xE1;sicos en relaci&#xF3;n con las condiciones clim&#xE1;ticas del pa&#xED;s usuario. 2) Locales inadecuados y pr&#xE1;cticas deficientes de almacenamiento. 3) La falta de conocimiento de c&#xF3;mo combatir plagas. 4) La deficiencia en transportes y comunicaci&#xF3;n. 5) La escasez de personal debidamente capacitado. La alimentaci&#xF3;n en el mundo depende del balance entre la producci&#xF3;n y las necesidades de la poblaci&#xF3;n, as&#xED; como del mejoramiento de la distribuci&#xF3;n y el almacenaje en las temporadas de m&#xE1;xima producci&#xF3;n agr&#xED;cola. Los requerimientos alimenticios implican no &#xFA;nicamente cantidad o calor&#xED;as sino que concierne m&#xE1;s seriamente a la calidad, o sea al suministro prote&#xED;nico en particular y van creciendo r&#xE1;pidamente en respuesta al incremento de la poblaci&#xF3;n. La curva de crecimiento a nivel mundial desde tiempos remotos ha ido en aumento siendo alarmante en los &#xFA;ltimos a&#xF1;os, debido tal vez al progreso de la medicina que ha mejorado las etapas de gravidez aumentando la humanidad en proporci&#xF3;n geom&#xE9;trica. Como en otros sistemas biol&#xF3;gicos este desarrollo no podr&#xE1; seguir para siempre, tarde o temprano llegaremos a una barrera en duda a&#xFA;n, siendo algunas de las alternativas obvias, la escasez de alimentos, el agotamiento de las fuentes de energ&#xED;a, la contaminaci&#xF3;n una nueva guerra o un nuevo tipo de enfermedad. M&#xE9;xico, siendo un pa&#xED;s en v&#xED;as de desarrollo debe pugnar por dotar al campo de lo necesario para la producci&#xF3;n en gran escala, aplicando nuevas t&#xE9;cnicas agr&#xED;colas y programando su distribuci&#xF3;n; provocando con esto una planeaci&#xF3;n del transporte y la comunicaci&#xF3;n, la construcci&#xF3;n de instalaciones apropiadas y en lugares estrat&#xE9;gicos para eliminar los llamados "cuellos de botella" en el almacenamiento y los autotransportes. Finalmente, hay cuatro puntos claves que el Gobierno Mexicano necesita cubrir para aliviar en algo los problemas agudos del acaparamiento, la inflaci&#xF3;n y el hambre que son: 1) La comercializaci&#xF3;n de las cosechas. 2) La transformaci&#xF3;n industrial de las materias primas para alimentos. 3) El abasto de subsistencias b&#xE1;sicas. 4) La prestaci&#xF3;n de servicios de almacenamiento y distribuci&#xF3;n, tanto de la producci&#xF3;n agropecuaria para consumo directo, uso fabril, como procesada. </subfield>
  </datafield>
  <datafield tag="650" ind1="1" ind2="3">
    <subfield code="a">Semillas</subfield>
    <subfield code="x">Almacenamiento </subfield>
    <subfield code="2">atg</subfield>
  </datafield>
  <datafield tag="650" ind1="1" ind2="3">
    <subfield code="a">Granos almacenados  </subfield>
    <subfield code="2">atg</subfield>
  </datafield>
  <datafield tag="650" ind1="1" ind2="3">
    <subfield code="a">Seeds </subfield>
    <subfield code="x">Storage</subfield>
    <subfield code="2">atg</subfield>
  </datafield>
  <datafield tag="650" ind1="1" ind2="3">
    <subfield code="a">Stored grain</subfield>
    <subfield code="2">atg</subfield>
  </datafield>
  <datafield tag="650" ind1="1" ind2="3">
    <subfield code="a">Instalaciones de almacenamiento de grano  </subfield>
    <subfield code="2">atg</subfield>
    <subfield code="z">M&#xE9;xico</subfield>
  </datafield>
  <datafield tag="650" ind1="1" ind2="1">
    <subfield code="a">Grain storage facilities  </subfield>
    <subfield code="2">atg</subfield>
    <subfield code="z">Mexico</subfield>
  </datafield>
  <datafield tag="901" ind1=" " ind2=" ">
    <subfield code="a">TESIS V39 1980</subfield>
  </datafield>
  <datafield tag="902" ind1=" " ind2=" ">
    <subfield code="a">M</subfield>
  </datafield>
  <datafield tag="905" ind1=" " ind2=" ">
    <subfield code="a">0000001980                          mx A   0000000000spa00</subfield>
  </datafield>
  <datafield tag="942" ind1=" " ind2=" ">
    <subfield code="c">TESIS</subfield>
    <subfield code="2">Clasificaci&#xF3;n Universidad Aut&#xF3;noma Chapingo</subfield>
  </datafield>
  <datafield tag="999" ind1=" " ind2=" ">
    <subfield code="c">171416</subfield>
    <subfield code="d">171416</subfield>
  </datafield>
  <datafield tag="952" ind1=" " ind2=" ">
    <subfield code="0">0</subfield>
    <subfield code="1">0</subfield>
    <subfield code="2">local</subfield>
    <subfield code="4">0</subfield>
    <subfield code="5">1</subfield>
    <subfield code="7">0</subfield>
    <subfield code="8">TESIS</subfield>
    <subfield code="a">IA_</subfield>
    <subfield code="b">IA_</subfield>
    <subfield code="e">El autor</subfield>
    <subfield code="l">0</subfield>
    <subfield code="o">Tesis V39 1980</subfield>
    <subfield code="p">1101016294</subfield>
    <subfield code="r">2026-02-02 00:00:00</subfield>
    <subfield code="t">Ej. 1</subfield>
    <subfield code="y">TESIS</subfield>
  </datafield>
</record>
